Das alte Indien, mit besonderer Rücksicht auf Aegypten

Saved in:  
Bibliographic Details
Subtitles:Das alte Indien, mit besonderer Rücksicht auf Ägypten
Main Author: Bohlen, Peter von 1796-1840 (Author)
Corporate Author: Buchhandlung Gebrüder Bornträger (Printer)
Format: Print Book
Language:German
Subito Delivery Service: Order now.
Check availability: HBZ Gateway
Interlibrary Loan:Interlibrary Loan for the Fachinformationsdienste (Specialized Information Services in Germany)
Published: Königsberg Bornträger 1830
In:Year: 1830
Volumes / Articles:Show volumes/articles.
Standardized Subjects / Keyword chains:B India / Asia / Asia / History
Sammlungen:

MARC

LEADER 00000cam a2200000 ca4500
001 147459354
003 DE-627
005 20250717214409.0
007 tu
008 940321m18301830xx ||||| 00| ||ger c
035 |a (DE-627)147459354 
035 |a (DE-576)9147459352 
035 |a (DE-599)GBV147459354 
040 |a DE-627  |b ger  |c DE-627  |e rakwb 
041 |a ger 
044 |c XA-DXDE 
084 |a 15.77  |2 bkl 
100 1 |0 (DE-588)116231742  |0 (DE-627)137812531  |0 (DE-576)213256592  |4 aut  |a Bohlen, Peter von  |d 1796-1840 
109 |a Bohlen, Peter von 1796-1840  |a Bohlen, Petrus a 1796-1840  |a Bohlen, P. von 1796-1840  |a Bohlen, Pv 1796-1840  |a Bohlen, Peter van 1796-1840  |a Bohlen, Petro a 1796-1840 
245 1 4 |a Das alte Indien, mit besonderer Rücksicht auf Aegypten  |c dargestellt von P. von Bohlen ... 
246 3 0 |a Ägypten 
246 3 3 |a Das alte Indien, mit besonderer Rücksicht auf Ägypten 
264 1 |a Königsberg  |b Bornträger  |c 1830 
300 |c 8° 
336 |a Text  |b txt  |2 rdacontent 
337 |a ohne Hilfsmittel zu benutzen  |b n  |2 rdamedia 
338 |a Band  |b nc  |2 rdacarrier 
500 |a Vorlageform der Veröffentlichungsangabe: Königsberg im Verlage der Gebrüder Bornträger 
601 |a Rücksicht 
689 0 0 |d g  |0 (DE-588)4026722-2  |0 (DE-627)104585129  |0 (DE-576)208967699  |2 gnd  |a Indien 
689 0 1 |d g  |0 (DE-588)4058406-9  |0 (DE-627)106147463  |0 (DE-576)209126078  |2 gnd  |a Südasien 
689 0 2 |d g  |0 (DE-588)4003217-6  |0 (DE-627)10457822X  |0 (DE-576)208850694  |2 gnd  |a Asien 
689 0 3 |q z  |2 gnd  |a Geschichte 
689 0 |5 (DE-627) 
710 2 |0 (DE-588)215543-6  |0 (DE-627)103116931  |0 (DE-576)190791780  |4 prt  |a Buchhandlung Gebrüder Bornträger 
935 |a FRST  |a mteo 
936 b k |a 15.77  |j Indischer Subkontinent  |x Geschichte  |q ARK  |0 (DE-627)181570661 
951 |a MC 
ELC |b 1 
LOK |0 000 xxxxxcx a22 zn 4500 
LOK |0 001 4245675918 
LOK |0 003 DE-627 
LOK |0 004 147459354 
LOK |0 005 20240919081136 
LOK |0 008 230110||||||||||||||||ger||||||| 
LOK |0 040   |a DE-Tue135  |c DE-627  |d DE-Tue135 
LOK |0 092   |o n 
LOK |0 852   |a DE-Tue135 
LOK |0 852 1  |9 00 
LOK |0 866   |x SPQUE#Bibliothek der Franckeschen Stiftungen 
LOK |0 935   |a FRST 
LOK |0 939   |a 10-01-23  |b l01 
ORI |a SA-MARC-ixtheoa001.raw 
REL |a 1 
SPR |a 1  |t IXT  |t REL 
STA 0 0 |a Asia,Asia,Asia,Northeastern Asia,Asia,South Asia,Southern Asia,History,History,History in art,India,India,India,India,India,India,India,India,Southern India,Northeastern India,Northwestern India,Southeastern India,Northern India,Western India 
STB 0 0 |a Asie,Histoire,Histoire,Histoire,Inde 
STC 0 0 |a Asia,Historia,Historia,Historia,India 
STD 0 0 |a Asia,India,Storia,Storia 
STE 0 0 |a 印度,历史,史 
STF 0 0 |a 印度,歷史,史 
STG 0 0 |a História,História,Ásia,Índia 
STH 0 0 |a Азия (мотив),Индия (мотив),История (мотив),История 
STI 0 0 |a Ασία (μοτίβο),Ινδία (μοτίβο),Ιστορία (μοτίβο),Ιστορία 
SUB |a REL 
SYG 0 0 |a India , Bharat,Indische Union,Altindien,Hindustan,Hindostan,Indien,Indie,Indian Union,Bhārata Gaṇarājya,Bhārata,Indien,Republik Indien,Indien,Dominion of India,India,Republic of India,Inde,Indië,Bharata,Indiia,Indland,Hindiston Respublikasi,Satharanarat 'India,Yin-tu , Indischer Subkontinent,Vorderindien,Asien,Süd , Asia,Asiatische Länder,Asiatische Staaten , History,Geschichtliche Epoche,Historical development,Historische Entwicklung,Landesgeschichte,Regionalgeschichte,Ortsgeschichte,Zeitgeschichte 
TIM |a 100019470815_100020261231  |b 1947-08-15 - 2026